La economía del bien común : (Registro nro. 4850)

Detalles MARC
000 -LEADER
fixed length control field 01270nam a2200289Ia 4500
003 - CONTROL NUMBER IDENTIFIER
control field OSt
005 - DATE AND TIME OF LATEST TRANSACTION
control field 20200612203009.0
008 - FIXED-LENGTH DATA ELEMENTS--GENERAL INFORMATION
fixed length control field 191128s2015 ck gr 000 0dspa d
020 ## - INTERNATIONAL STANDARD BOOK NUMBER
International Standard Book Number 9788423420896
040 ## - CATALOGING SOURCE
Original cataloging agency CO-JMCR
Transcribing agency CO-JMCR
041 1# - LANGUAGE CODE
Language code of text/sound track or separate title spa
Language code of original nds
082 04 - DEWEY DECIMAL CLASSIFICATION NUMBER
Classification number 330.126 /
Item number F241e
Edition number 23
100 1# - MAIN ENTRY--PERSONAL NAME
Personal name Felber, Christian,
Relator term autor
9 (RLIN) 5568
245 13 - TITLE STATEMENT
Title La economía del bien común :
Remainder of title un modelo económico que supera la dicotomía entre capitalismo y comunismo para maximizar el bienestar de nuestra sociedad /
Statement of responsibility, etc. Christian Felber ; traducido por Silvia Yusta
250 ## - EDITION STATEMENT
Edition statement Primera edición
260 ## - PUBLICATION, DISTRIBUTION, ETC.
Place of publication, distribution, etc. Barcelona :
Name of publisher, distributor, etc. Deusto,
Date of publication, distribution, etc. 2015.
300 ## - PHYSICAL DESCRIPTION
Extent 331 páginas ;
Dimensions 20 cm.
500 ## - GENERAL NOTE
General note Incluye datos biográficos del autor en la solapa.
504 ## - BIBLIOGRAPHY, ETC. NOTE
Bibliography, etc. note Bibliografía: páginas 321-331.
505 ## - FORMATTED CONTENTS NOTE
Formatted contents note Análisis breve -- La economía del bien común-idea principal -- La banca democrática -- Propiedad -- Motivación y sentido -- Desarrollo de la democracia -- Ejemplos, afines y modelos -- Estrategias para su ejecución
534 ## - ORIGINAL VERSION NOTE
Introductory phrase Die gemeinwohl-ökonomie
546 ## - LANGUAGE NOTE
Language note Traducción del alemán
650 14 - SUBJECT ADDED ENTRY--TOPICAL TERM
Topical term or geographic name entry element Crisis económica
9 (RLIN) 5569
650 24 - SUBJECT ADDED ENTRY--TOPICAL TERM
Topical term or geographic name entry element Economía
General subdivision Modelos económicos
9 (RLIN) 5570
700 1# - ADDED ENTRY--PERSONAL NAME
Personal name Yusta, Silvia,
Relator term traductora
9 (RLIN) 5571
942 ## - ADDED ENTRY ELEMENTS (KOHA)
Source of classification or shelving scheme Dewey Decimal Classification
Koha item type Books
Existencias
Withdrawn status Lost status Source of classification or shelving scheme Materials specified (bound volume or other part) Damaged status Not for loan Home library Current library Shelving location Date acquired Source of acquisition Cost, normal purchase price Total Checkouts Full call number Barcode Date last seen Copy number Price effective from Koha item type
    Dewey Decimal Classification Donación--15/04/2018--     Biblioteca Pública José María del Castillo y Rada Biblioteca Pública José María del Castillo y Rada General Stacks 11/28/2019 Donación 0.00   330.126 / F241e 430000757 05/16/2024 Ej.1 11/28/2019 Books